| 000 | 00406 a2200169 4500 | ||
|---|---|---|---|
| 001 | 77715 | ||
| 082 | _a658 GRI | ||
| 090 |
_c39333 _d39333 |
||
| 100 | _aRicky W Griffin | ||
| 245 |
_aManagement 8th/Ed _cRicky W Griffin _hEnglish |
||
| 250 | _a8th | ||
| 260 |
_aNew Delhi _bBiztantra _c2008 |
||
| 300 | _axxxix 880 p | ||
| 500 | _aDOS BS Textbooks | ||
| 505 | _aGifted Books | ||
| 600 | _aManagement | ||
| 942 |
_acaenust _k658 GRI _cBS |
||
| 999 |
_c312788 _d312788 |
||